000 00672nam a2200241Ia 4500
005 20250425162318.0
008 250425s9999 xx 000 0 und d
041 _aspa
082 _a664.807
100 _aRIOFRIO SAENZ, JOSE
245 0 _aADMINISTRACION DEL CONTROL DE CALIDAD EN PRODUCTOS HORTIFRUTICOLAS: CALIDAD DE PRODUCTOS HORTIFRUTICOLAS
250 _a1A ED.
260 _aEcuador
_bPRODUCCION GRAFICA
_c2002
260 _aGUAYAQUIL
300 _a314
500 _aCONSULTAR 39553 v.2 EN BIBTEC
650 _aFISIOLOGIA VEGETAL
650 _aFRUTAS
650 _aHORTALIZAS
650 _aOPERACIONES POSTCOSECHA
942 _c01
010 _a60763
999 _c226627
_d226627